[Event "Berlin op 10"]
[Site "Berlin"]
[Date "2005.11.24"]
[Round "7"]
[White "Rademacher, Tim"]
[Black "Katic, Vojo"]
[Result "1-0"]
[WhiteElo "1165"]
[BlackElo "1545"]
[PlyCount "101"]
[EventDate "2005.10.13"]
[EventType "swiss"]
[EventRounds "7"]
[EventCountry "GER"]
[SourceTitle "EXT 2007"]
[Source "ChessBase"]
[SourceDate "2006.11.23"]
[SourceVersion "1"]
[SourceVersionDate "2006.11.23"]
[SourceQuality "1"]

1. e4 d6 2. d4 g6 3. Nf3 Nf6 4. Nc3 Bg7 5. Be2 0-0 6. 0-0 c6 7. Be3 b5 8. e5 dxe5 9. Nxe5 Nd5 10. Nxd5 Qxd5 11. Bf3 Qe6 12. Ng4 Rd8 13. c3 Bb7 14. Bh6 Bxh6 15. Nxh6+ Kg7 16. Re1 Qd6 17. Ng4 f6 18. Qd2 g5 19. Re3 h5 20. Rae1 Rd7 21. Nxf6 exf6 22. Bxh5 Na6 23. Qd3 Qf8 24. Qg6+ Kh8 25. Re8 Rg7 26. Rxf8+ Rxf8 27. Qd3 Nc7 28. Bf3 g4 29. Bxg4 Rfg8 30. Bh3 c5 31. g3 c4 32. Qd2 Rg5 33. f4 R5g7 34. Bg2 Nd5 35. Bxd5 Bxd5 36. Qe2 f5 37. Qh5+ Rh7 38. Qxf5 Bb7 39. Re3 a6 40. Qe5+ Rgg7 41. Qb8+ Rg8 42. Re8 Bd5 43. Rxg8+ Bxg8 44. d5 Rh6 45. Qe5+ Kh7 46. d6 Re6 47. Qf5+ Kg7 48. d7 Re1+ 49. Kf2 Rd1 50. Qg5+ Kf7 51. d8Q 1-0

[Event "Berlin op 10"]
[Site "Berlin"]
[Date "2005.11.17"]
[Round "6"]
[White "Katic, Vojo"]
[Black "Kostic, Ivan"]
[Result "0-1"]
[WhiteElo "1545"]
[BlackElo "1646"]
[PlyCount "68"]
[EventDate "2005.10.13"]
[EventType "swiss"]
[EventRounds "7"]
[EventCountry "GER"]
[SourceTitle "EXT 2007"]
[Source "ChessBase"]
[SourceDate "2006.11.23"]
[SourceVersion "1"]
[SourceVersionDate "2006.11.23"]
[SourceQuality "1"]

1. e4 e5 2. Nc3 Bc5 3. Nf3 d6 4. d4 exd4 5. Nxd4 Nf6 6. Be2 Bb4 7. Qd3 0-0 8. a3 Ba5 9. b4 Bb6 10. Bg5 c6 11. Rd1 c5 12. Ndb5 cxb4 13. axb4 Nc6 14. Nd5 Ne5 15. Qg3 Nxe4 16. Qxe5 dxe5 17. Ne7+ Kh8 18. Ng6+ fxg6 19. Bxd8 Bxf2+ 20. Kf1 Bb6+ 21. Bf3 Bxd8 22. Ke2 Ng5 23. Bd5 Bg4+ 24. Kd2 Bxd1 25. Kxd1 Bf6 26. Ke2 a6 27. Na3 Rab8 28. h4 Nf7 29. g4 Nd6 30. c4 Be7 31. c5 Nb5 32. Nb1 Rf4 33. h5 g5 34. Be6 Nd4+ 0-1